000
00320nam a22001337a 4500
020
_a
81-204-0633-8
041
_a
ENG
100
_a
Giriappa.S
245
_a
Energy Use in Rural Areas Process,Problem and Prospects
260
_a
New Delhi
_b
Oxford & IBH
_c
1990
300
_a
180
650
_a
EOES (12)
856
_u
EOES (12)
999
_c
2717
_d
2717